000 00701nam a2200241Ia 4500
003 OSt
005 20221007071648.0
006 a|||||r|||| 00| 0
007 ta
008 221006b |||||||| |||| 00| 0 eng d
024 _a9,108
037 _cReference Collections
040 _aFLL
_cFLL
_beng
041 _2eng
_aeng
082 _aZ1,18, L8
100 _aTaylor Paul Au.
_9689166
245 0 _aInternational organisation
260 _aLondon
_bFrances pinter publishers ltd. London U.S.A.
_c1978
300 _a464p
_ccm.
700 _a Groom A.J.R. Au.
_9689167
942 _hZ1,18, L8
_cREF
_2CC
999 _c1143913
_d1143913